Essential Orthopedics and Trauma (Record no. 1045)

MARC details
000 -LEADER
fixed length control field 00590nam a22002177a 4500
003 - CONTROL NUMBER IDENTIFIER
control field OSt
005 - DATE AND TIME OF LATEST TRANSACTION
control field 20240226074835.0
008 - FIXED-LENGTH DATA ELEMENTS--GENERAL INFORMATION
fixed length control field 150218b xxu||||| |||| 00| 0 eng d
020 ## - INTERNATIONAL STANDARD BOOK NUMBER
International Standard Book Number 0443072132
040 ## - CATALOGING SOURCE
Transcribing agency DNLM
082 ## - DEWEY DECIMAL CLASSIFICATION NUMBER
Classification number WE 168 D19e 2003
100 ## - MAIN ENTRY--PERSONAL NAME
Personal name Dandy, David J.; Edwards Dennis J.
9 (RLIN) 2824
245 ## - TITLE STATEMENT
Title Essential Orthopedics and Trauma
250 ## - EDITION STATEMENT
Edition statement 4th statement.
260 ## - PUBLICATION, DISTRIBUTION, ETC. (IMPRINT)
Place of publication, distribution, etc. London;
Name of publisher, distributor, etc. Churchill Livingstone.
Date of publication, distribution, etc. 2003.
300 ## - PHYSICAL DESCRIPTION
Extent xi, 459 p :
Other physical details col.ill
Dimensions 27 cm.
504 ## - BIBLIOGRAPHY, ETC. NOTE
Bibliography, etc includes index.
650 ## - SUBJECT ADDED ENTRY--TOPICAL TERM
Topical term or geographic name as entry element Orthopaedics
9 (RLIN) 923
650 ## - SUBJECT ADDED ENTRY--TOPICAL TERM
Topical term or geographic name as entry element Trauma
9 (RLIN) 2825
942 ## - ADDED ENTRY ELEMENTS (KOHA)
Source of classification or shelving scheme Other/Generic Classification Scheme
Koha item type Short Loan
Holdings
Withdrawn status Lost status Source of classification or shelving scheme Damaged status Not for loan Home library Current library Date acquired Source of acquisition Inventory number Total Checkouts Full call number Barcode Date last seen Price effective from Koha item type
    Other/Generic Classification Scheme     MUST Main Library MUST Main Library 18/02/2015   2011/33003   WE 168 D19e 2003 2015-0318 18/02/2015 18/02/2015 Short Loan
    Other/Generic Classification Scheme     MUST Main Library MUST Main Library 22/08/2016   10/32542   WE 168 D19e 2003 2016-3789 22/08/2016 22/08/2016 Open Shelf